Movies Quiz

Random Movies or Alphabet Quiz

Letters Minefield: Pixar Movies Quiz Stats

 Plays Quiz Updated Dec 25, 2020

Support Sporcle.
Go Orange.
Score 0/12 Timer 01:00
4 Plays Today
% Correct
???
70.8%
???
70.1%
???
65%
???
63.6%
???
54.5%
???
51.7%
???
50.1%
???
41.9%
???
41.3%
???
22.5%
???
14%
???
3.3%

You're not logged in!

Compare scores with friends on all Sporcle quizzes.
OR
Log In

From the Vault

World Capitals No Longer

by longboard

They'll always be capitals in our hearts.
Remove Ads.
Support Sporcle.
Get the best of Sporcle when you Go Orange. This ad-free experience offers more features, more stats, and more fun while also helping to support Sporcle. Thank you for becoming a member.

Show Comments

Extras

Top Quizzes Today


Score Distribution

Your Account Isn't Verified!

In order to create a playlist on Sporcle, you need to verify the email address you used during registration. Go to your Sporcle Settings to finish the process.

Report this User

Report this user for behavior that violates our Community Guidelines.

Details: